000 00527cam a2200205ua 4500
001 7
008 190725n ii |||gr||||Z||||||eng
020 _a81-272-3487-7
040 _cMAIN
041 _aeng
082 _a004
100 _aMalhotra, T. D.,
_eauthor.,
245 _aComputer science & application
_cBy T. D. Malhotra
250 _a1st.
260 _aNew Delhi:
_bKalyani publishers,
_c2006.
300 _a331p.:
_bill.;
_c25 cm.
653 _aComputer Science
653 _aComputer science and application
942 _cBK
999 _c5
_d5